000 01105nam a2200229 i 4500
001 54874
003 ES-MaACL
005 20251124063451.0
007 t|
008 950411s1889 sp ||||1| spa d
100 1 _aGamazo, Germán,
_d1840-1901
_953749
245 1 0 _aDiscurso y rectificaciones pronunciados por el Excmo. Sr. D. Germán Gamazo sobre la comunicación del Gobierno dando cuenta al Congreso de los Diputados de la publicación del Código civil :
_bdocumento parlamentario : sesiones de los días 9, 10, 11 y 12 de abril de 1889 /
_ccon una carta dedicatoria del Excmo. Sr. D. Manuel Alonso Martínez.
260 _aMadrid :
_b[s.n.],
_c1889 (
_fImp. de los Hijos de J.A. García)
300 _a77 p. ;
_c26 cm.
530 _aDisponible en formato digital.
610 1 4 _aEspaña.
_tCódigo civil, 1889
_93628
650 4 _aCódigo civil-
_zEspaña.
_9135863
700 1 _aAlonso Martínez, Manuel,
_d1827-1891
_920356
852 _aES-MaACL
_jT-505-F-10
856 _uhttp://bdh-rd.bne.es/viewer.vm?id=0000093242&page=1
_zBiblioteca Digital Hispánica
999 _c54874
_d54874